000 00548nam a2200193Ia 4500
003 GCL
008 140319s9999 xx 000 0 eng d
020 _a1564321711
040 _aGCL /
_cGCL
082 0 4 _a967.571
_bF L
100 1 _aDES FORGES, ALISON
245 1 0 _aLEAVE NONE TO TELL THE STORY :
_bGENOCIDE IN RWANDA /
_cDES FORGES, ALISON
260 _aنيويورك :
_bHUMAN RIGHTS WATCH ،
_c1999
300 _a24 CM ؛
_c789 P
650 0 4 _aAFRICA
650 0 4 _aRWANDA - HISTORY
650 0 4 _aRWANDA - CIVIL WAR, 1994
942 _2ddc
_cBK
999 _c818
_d818